LEGAL ETHICS (Record no. 17986)
[ view plain ]
| 000 -LEADER | |
|---|---|
| fixed length control field | 00357nam a22001457a 4500 |
| 003 - CONTROL NUMBER IDENTIFIER | |
| control field | SGT |
| 020 ## - INTERNATIONAL STANDARD BOOK NUMBER | |
| International Standard Book Number | 9789382676010 |
| 082 ## - DEWEY DECIMAL CLASSIFICATION NUMBER | |
| Classification number | 340 |
| Item number | RAI |
| 100 ## - MAIN ENTRY--PERSONAL NAME | |
| Personal name | RAI KAILASH |
| 245 ## - TITLE STATEMENT | |
| Title | LEGAL ETHICS |
| Remainder of title | ACCOUNTABILITY FOR LAWYERS & BAR RELATIONS |
| 250 ## - EDITION STATEMENT | |
| Edition statement | 11 |
| 260 ## - PUBLICATION, DISTRIBUTION, ETC. (IMPRINT) | |
| Place of publication, distribution, etc | ALLAHABAD |
| Name of publisher, distributor, etc | CENTRAL LAW PUBLICATION |
| Year of Publication | 2018 |
| 300 ## - PAGE DESCRIPTION | |
| No. of Pages | XXIV ,432 |
| 942 ## - ADDED ENTRY ELEMENTS (KOHA) | |
| Source of classification or shelving scheme | Dewey Decimal Classification |
| Koha item type | Books |
| 942 ## - ADDED ENTRY ELEMENTS (KOHA) | |
| -- | 44 |
| Withdrawn status | Lost status | Source of classification or shelving scheme | Damaged status | Not for loan | Collection code | Home library | Current library | Shelving location | Date acquired | Vendor Name | Cost, normal purchase price | SGTU | Total Checkouts | Full call number | Accession No. (Barcode) | Date last seen | Date last borrowed | Bill Date | Koha item type | Total Renewals |
|---|---|---|---|---|---|---|---|---|---|---|---|---|---|---|---|---|---|---|---|---|
| Dewey Decimal Classification | LAW | SGT Science & Social Sciences Library | SGT Science & Social Sciences Library | Text Book | 10/05/2019 | COMMERCIAL HOUSE | 330.00 | SGTU | 16 | 340 RAI | FL2169 | 20/06/2024 | 13/06/2024 | 10/05/2019 | Books | |||||
| Dewey Decimal Classification | Not For Loan | LAW | SGT Science & Social Sciences Library | SGT Science & Social Sciences Library | Reference Book | 10/05/2019 | COMMERCIAL HOUSE | 330.00 | SGTU | 340 RAI | FL2170 | 10/05/2019 | 10/05/2019 | Books | ||||||
| Dewey Decimal Classification | LAW | SGT Science & Social Sciences Library | SGT Science & Social Sciences Library | Text Book | 10/05/2019 | COMMERCIAL HOUSE | 330.00 | SGTU | 8 | 340 RAI | FL2171 | 27/06/2024 | 29/04/2024 | 10/05/2019 | Books | 3 | ||||
| Dewey Decimal Classification | LAW | SGT Science & Social Sciences Library | SGT Science & Social Sciences Library | Text Book | 10/05/2019 | COMMERCIAL HOUSE | 330.00 | SGTU | 11 | 340 RAI | FL2172 | 15/05/2024 | 14/05/2024 | 10/05/2019 | Books | |||||
| Dewey Decimal Classification | LAW | SGT Science & Social Sciences Library | SGT Science & Social Sciences Library | Text Book | 10/05/2019 | COMMERCIAL HOUSE | 330.00 | SGTU | 15 | 340 RAI | FL2173 | 20/06/2024 | 13/06/2024 | 10/05/2019 | Books |